| 000 | 00582nam a2200193 a 4500 | ||
|---|---|---|---|
| 005 | 20230103063519.0 | ||
| 008 | 080206s2005 mx r 000 0 spa d | ||
| 020 | _a8498300185 | ||
| 035 | _aUPN01000154079 | ||
| 049 | _aCG | ||
| 050 | 4 |
_aHV3011 _bE8.2 |
|
| 100 | 1 |
_aEtxeberria Mauleon, Xabier _937776 |
|
| 245 | 1 | 0 |
_aAproximación ética a la discapacidad / _cXabier Etxeberria. |
| 260 |
_aBilbao, Esp. : _bUniversidad de Deusto, _c[2005?]. |
||
| 300 | _a150 p. | ||
| 440 | 0 |
_aEtica ; _v11 |
|
| 650 | 0 |
_aPersonas con discapacidad _xCondiciones sociales _96562 |
|
| 905 | _aLibro | ||
| 999 |
_c126196 _d126196 |
||